Bacteria: A treatise on structure and function. V 7. Mechanisms of adaptation (Record no. 33353)

MARC details
000 -LEADER
fixed length control field 00418nam a2200145Ia 4500
082 ## - DEWEY DECIMAL CLASSIFICATION NUMBER
Classification number 579.22
Item number BAC.7
245 #0 - TITLE STATEMENT
Title Bacteria: A treatise on structure and function. V 7. Mechanisms of adaptation
260 ## - PUBLICATION, DISTRIBUTION, ETC. (IMPRINT)
Place of publication New York
Name of publisher Academic
Year of publication 1979
650 ## - SUBJECT ADDED ENTRY--TOPICAL TERM
Topical Term Bacteria
650 ## - SUBJECT ADDED ENTRY--TOPICAL TERM
Topical Term Bacterial adaptation
650 ## - SUBJECT ADDED ENTRY--TOPICAL TERM
Topical Term Nitrogen fixation
700 ## - ADDED ENTRY--PERSONAL NAME
Personal name GUNSALUS, I C
942 ## - ADDED ENTRY ELEMENTS (KOHA)
Koha item type Books
Holdings
Withdrawn status Lost status Damaged status Not for loan Home library Current library Date acquired Full call number Accession Number Koha item type
        RRII Library RRII Library 16/12/2021 579.22 BAC.7 13851 Books